Sociedad y sociabilidad en la Argentina de los 90 (Registro nro. 4038)

Detalles MARC
000 -LEADER
fixed length control field 01629 a2200301 4500
001 - CONTROL NUMBER
control field 45870
005 - DATE AND TIME OF LATEST TRANSACTION
control field 20260407155731.0
008 - FIXED-LENGTH DATA ELEMENTS--GENERAL INFORMATION
fixed length control field 260407a2002 arg spa d
003 - CONTROL NUMBER IDENTIFIER
control field AR-UNSa-BCEJYS
040 ## - CATALOGING SOURCE
Original cataloging agency AR-UNSa-BCEJYS
Language of cataloging spa
Transcribing agency AR-UNSa-BCEJYS
080 ## - UNIVERSAL DECIMAL CLASSIFICATION NUMBER
Universal Decimal Classification number 316.47
Common auxiliary subdivision Relaciones sociales. Relaciones interpersonales
020 ## - INTERNATIONAL STANDARD BOOK NUMBER
International Standard Book Number 950-786-339-7
041 ## - LANGUAGE CODE
Language code of text/sound track or separate title spa
100 1# - MAIN ENTRY--PERSONAL NAME
Personal name Feldman, Silvio
245 10 - TITLE STATEMENT
Title Sociedad y sociabilidad en la Argentina de los 90
264 #1 - PRODUCTION, PUBLICATION, DISTRIBUTION, MANUFACTURE, AND COPYRIGHT NOTICE
Place of production, publication, distribution, manufacture Buenos Aires :
Name of producer, publisher, distributor, manufacturer Biblos
Date of production, publication, distribution, manufacture, or copyright notice 2002
300 ## - PHYSICAL DESCRIPTION
Extent 232 p.
Dimensions 23 cm.
505 ## - FORMATTED CONTENTS NOTE
Formatted contents note 1. formas de sociabilidad y lazos sociales / Miguel Murmis y Silvio Feldman – 2. Empleo, remuneraciones y diferenciación social en el último cuarto del siglo xx / Luis Beccaria – 3. Las nuevas urbanizaciones privadas. Sociabilidad y socialización: la integración social “hacia arriba” / Maristella Svampa – 4. Sociabilidad en clases medias en descenso: experiencias en el trueque – 5. De proveedores, amigos, vecinos y “barderos”: acerca de trabajo, delito sociabilidad en jóvenes del Gran Buenos Aires /Gabriel Kessler – 6. Las ocupaciones informales y sus formas de sociabilidad: apicultores, albañiles y feriantes / Silvio Feldman y Miguel Murmis.
590 ## - LOCAL NOTE (RLIN)
Local note niveau_biblio:m niveau_hierar:0
700 1# - ADDED ENTRY--PERSONAL NAME
Personal name Beccaria, Luis A.
700 1# - ADDED ENTRY--PERSONAL NAME
Personal name González Bombal, Inés
700 1# - ADDED ENTRY--PERSONAL NAME
Personal name Kessler, Gabriel
700 1# - ADDED ENTRY--PERSONAL NAME
Personal name Murmis, Miguel
700 1# - ADDED ENTRY--PERSONAL NAME
Personal name Svampa, Maristella
700 1# - ADDED ENTRY--PERSONAL NAME
Personal name Universidad Nacional de General Sarmiento
856 41 - ELECTRONIC LOCATION AND ACCESS
Uniform Resource Identifier <a href="https://www.biblioeco.unsa.edu.ar/pmb/images/libros/L127206.jpg">https://www.biblioeco.unsa.edu.ar/pmb/images/libros/L127206.jpg</a>
Link text Imagen de portada
Electronic format type image/jpeg
942 ## - ADDED ENTRY ELEMENTS (KOHA)
Koha item type
Existencias
Withdrawn status Lost status Damaged status Not for loan Home library Current library Shelving location Date acquired Total checkouts Full call number Barcode Date last seen Price effective from Koha item type
        Biblioteca Prof. Eusebio Cleto del Rey Biblioteca Prof. Eusebio Cleto del Rey   07/04/2026   316.47 B388 L127206 07/04/2026 07/04/2026 Libro